banner koha

Sistemas de manejo e atributos do solo na área de atuação do Projeto Microbacias 2 em Santa Catarina (Registro n. 217495)

MARC details
000 -LÍDER
campo de controle de tamanho fixo 00970nas a2200289 4500
001 - NÚMERO DE CONTROLE
campo de controle BR2012001216
003 - IDENTIFICADOR DO NÚMERO DE CONTROLE
campo de controle BR-BrBNA
005 - DATA E HORÁRIO DA ÚLTIMA TRANSAÇÃO
campo de controle 20231205120223.0
007 - CAMPO FIXO DE DESCRIÇÃO FÍSICA--INFORMAÇÃO GERAL
campo de controle de tamanho fixo ta
008 - CAMPO DE DADOS FIXOS--INFORMAÇÃO GERAL
campo de controle de tamanho fixo 230509b bl.|||p| |||| 00| 00por d
040 ## - FONTE DA CATALOGAÇÃO
Instituição da catalogação original BR-BrBNA
Idioma da catalogação por
Instituição que transcreveu o registro Biblioteca Nacional de Agricultura
041 ## - CÓDIGO DE IDIOMA
Código do idioma do texto/trilha sonora ou título diferente (Pt)
072 ## - CÓDIGO DE CATEGORIA DE ASSUNTO
Código de Categoria de Assunto P30
100 1# - ENTRADA PRINCIPAL--NOME PESSOAL
Nome pessoal Veiga, M. da
100 1# - ENTRADA PRINCIPAL--NOME PESSOAL
Nome pessoal Pandolfo, C.M.
100 1# - ENTRADA PRINCIPAL--NOME PESSOAL
Nome pessoal Spagnollo, E.
245 1# - TÍTULO
Título Sistemas de manejo e atributos do solo na área de atuação do Projeto Microbacias 2 em Santa Catarina
246 1# - FORMA VARIANTE DO TÍTULO
Título/título abreviado Soil management systems and attributes in the work area of the Microbacias 2 Program in Santa Catarina, Brazil
650 ## - ASSUNTO--TERMO TÓPICO
Cabeçalho tópico ou nome geográfico SOLO
650 ## - ASSUNTO--TERMO TÓPICO
Cabeçalho tópico ou nome geográfico MANEJO DO SOLO
650 ## - ASSUNTO--TERMO TÓPICO
Cabeçalho tópico ou nome geográfico ARGILA
650 ## - ASSUNTO--TERMO TÓPICO
Cabeçalho tópico ou nome geográfico ACIDEZ DO SOLO
650 ## - ASSUNTO--TERMO TÓPICO
Cabeçalho tópico ou nome geográfico MATÉRIA ORGÂNICA
773 0# - ENTRADA ANALÍTICA
Título Agropecuária Catarinense (Brazil)
ISSN - International Standard Serial Number ISSN 0103-0779
Partes relacionadas (Mar 2011), v. 24(1) p. 54-59
Número de controle do registro BR2012001216
909 ## -
-- 202311
-- Lúcia
-- 55
-- Lúcia Elande
942 ## - ELEMENTOS DE ENTRADA ADICIONADOS (KOHA)
Fonte da classificação ou esquema de arquivamento na estante Classificação AGRIS
Ocultar no OPAC Não
Tipo de material Koha Analítica
Exemplares
Situação do descarte Fonte da classificação ou esquema de arquivamento na estante Situação física Não pode ser emprestado Biblioteca de origem Biblioteca atual Localização na estante Enumeração do periódico / cronologia Total de empréstimos Data de último acesso Número do exemplar Tipo de material Koha Fonte de aquisição
  Classificação AGRIS   Consulta local Biblioteca Nacional de Agricultura - Binagri Biblioteca Nacional de Agricultura - Binagri   (Mar 2011), v. 24(1) p. 54-59   29/11/2023 01 Periódicos Portaria Interministerial nº 164/94

BINAGRI

Telefone: (61)3218-2567/2388/3357/2097 - binagri@agro.gov.br

Ministério da Agricultura e Pecuária , Esplanada dos Ministérios, Bloco D, Anexo B, Brasília/DF, CEP: 70.043-900